Сексуални практики на Нефритения дракон (Запис номер 84875)
[ съкратено ]
| 000 -Лидер | |
|---|---|
| Контролно поле с фиксирана дължина | 01599nam a2200385 c 4500 |
| 003 - Код на организацията, давaща контролен номер | |
| Контролно поле | BLK |
| 005 - Дата и час на последна редакция | |
| Контролно поле | 20180420224842.0 |
| 008 - Елементи от данни с фиксирана дължина | |
| fixed length control field | 180408b bul|||||r ||||||| ||bul|| |
| 010 ## - Наследен системен номер | |
| LC control number | KNG00089468000 |
| 020 ## - Международен стандартен номер на книга ISBN | |
| Международен стандартен номер на книга ISBN | 954-626-242-0 |
| -- | издат.: Аратрон |
| 040 ## - Източник на каталожния запис | |
| Идентификатор на билиотеката - собственик на записа | BLK |
| 041 ## - Код за език | |
| Код за езика на текст/звукозапис или на отделно заглавие | Български |
| Код за езика КДБФ | Български |
| 080 ## - УДК | |
| Текстов определител УДК | Полово възпитание. Хигиена на половия живот - Полови излишества, проституция, полово въздържание |
| УДК код - определител по УДК | 613.88 |
| УДК определител | -055.1(035) |
| УДК - код + определител | 613.88-055.1(035) |
| 100 1# - Редна дума - Автор | |
| Автор | Си Лай |
| Авторска отговорност | първи автор |
| R(LIN) | 301604 |
| 139 ## - Редно поле | |
| Редна дума | Си Лай |
| Авторски знак | Си - С 35 |
| 245 10 - Сведения за заглавието | |
| Заглавие | Сексуални практики на Нефритения дракон |
| Подзаглавни данни | Даоистки методи за подсилване на мъжката сексуална енергия |
| Редно поле (дума) | Си Лай; прев. от англ. Валентин Евстатиев. |
| 257 ## - Страна на издаване | |
| Страна на създаване/издаване | Съединени американски щати |
| 260 ## - Област на издателските данни | |
| -- | София |
| Име на издателя, разпространителя и проч. | Аратрон |
| Година на издаване | 2006 |
| 300 ## - Физическа характеристика | |
| Страници | 229 с. |
| Илюстрации и др. | с ил. |
| Размери/Мащаб | 22 см |
| 380 ## - Жанр | |
| Жанр | Медицина |
| 500 ## - Общи забележки | |
| Забележка | Ориг. загл. The sexual teaching of the Jade dragon / Hsi Lai |
| 650 #4 - Допълнително описание по предмет – тема | |
| Основно описание – тема или топоним | Полов живот - мъже |
| 9 (RLIN) | 283516 |
| 650 #4 - Допълнително описание по предмет – тема | |
| Основно описание – тема или топоним | Сексология |
| 9 (RLIN) | 170493 |
| 650 #4 - Допълнително описание по предмет – тема | |
| Основно описание – тема или топоним | Даоизъм |
| 9 (RLIN) | 152839 |
| 653 ## - Ключова дума – ненормативна | |
| Ключова дума | сексология |
| 653 ## - Ключова дума – ненормативна | |
| Ключова дума | таоизъм |
| 653 ## - Ключова дума – ненормативна | |
| Ключова дума | полов живот |
| 653 ## - Ключова дума – ненормативна | |
| Ключова дума | мъже |
| 700 1# - Други автори (авторска отговорност) | |
| Лично име | Евстатиев, Валентин |
| Автороска отговорност (Описва отношението между автора и произведението) | прев. от англ. |
| 9 (RLIN) | 269492 |
| 852 ## - Местоположение | |
| Форматна сигнатура | Цб 243987 |
| 856 4# - Електронен адрес и достъп | |
| Електронен формат | pdf - файл |
| Път до файла /url/ | |
| 856 4# - Електронен адрес и достъп | |
| Електронен формат | pdf - файл |
| Път до файла /url/ | |
| 942 ## - АРТИКУЛИ | |
| Вид на библиотечния материал | Книги |
| Скрит в OPAC | Не |
| 944 ## - СЪЗДАВАНЕ И РЕДАКЦИЯ на ЗАПИСА | |
| Създаване/Редакция | Създаване |
| Дата на регистрацията/редакция | 14.05.2009 |
| Служител, извършил регистрацията/редакцията | Геновева_Генчева |
| 944 ## - СЪЗДАВАНЕ И РЕДАКЦИЯ на ЗАПИСА | |
| Създаване/Редакция | Редакция |
| Дата на регистрацията/редакция | 10.06.2009 |
| Служител, извършил регистрацията/редакцията | |
| 999 ## - СИСТЕМНИ КОНТРОЛНИ НОМЕРА | |
| Koha biblionumber | 84875 |
| Koha biblioitemnumber | 84875 |
| Код за отписване | Код за изгубен артикул | Код за повреда | Коз за рестрикции | Код за отдаване | Артикулен № | Име на библиотеката - собственик | Име на библиотеката, в която се намира в момента | Статус (Текущо местоположение) | Дата на вписване в системата | Местоположение - отдел | Цена в лева | Инвентарен номер | Систематично азбучна сигнатура | Баркод | Номер на екземпляра | Цена в евро | Служебна бележка | Служебен тип на артикула |
|---|---|---|---|---|---|---|---|---|---|---|---|---|---|---|---|---|---|---|
| Не е изгубен | Не е повреден | без рестрикции | ползва се в читалня | 137681 | Регионална библиотека "Любен Каравелов" Русе | Регионална библиотека "Любен Каравелов" Русе | Хранилище | 2009-05-14 | Хранилище | 8.00 | 120000735595 | Цб 243987 | 120000735595 | 1 | 4.09 | Дост: Dp Вид: Д N: 49 Дата: 19.11.2008 | Книги |